000 00359nam a2200145Ia 4500
008 210210b1983 xxu||||| |||| 00| 0 eng d
082 _a823.914 FORD
100 _aFORSYTH (Frederick).
245 _aDogs of war.
260 _aGreat Britain
_bCorgi Books
_c1983
300 _a438
650 _aDogs of War
690 _aEnglish Fiction
906 _aSG02493
999 _c113561
_d113561